000 00696nam a2200229Ia 4500
003 OSt
005 20220925212507.0
006 a|||||r|||| 00| 0
007 ta
008 220923b |||||||| |||| 00| 0 eng d
037 _cGeneral Book
040 _aRTL
_cRTL
_beng
041 _2eng
_aeng
082 _aX:97D.3.M.N80<--M99, M2
100 _aProchaska Alice
_9276901
245 0 _aHistory of the general federation of trade unions
260 _aLondon
_bAllen &Unwin UK
_c1982
300 _axiv,274p Bib p 254-61 Appendix p 250-53
_ccm.
650 _aTrade Unions
942 _hX:97D.3.M.N80<--M99, M2
_cGB
_2CC
999 _c560504
_d560504